Analýza obalu údajov

Podrobná bibliografia
Hlavný autor: Sudzina, František, 1977- (Autor)
Médium: Článok
Jazyk:slovenčina
Fyzický popis:Grafy, tab.
ISSN:0013-3035
Predmet:

MARC

LEADER 00000nab a2200000 a 4500
001 vtls000784968
003 SK-MaSNL
005 20260304115024.0
008 250429c2001 xo 0 slo
015 |a SNBRB2002/02-06763 
035 |a CLN000136639 
035 |a urn:nbn:sk:snk-ab6ry4 
035 |a (uuid)9ef6bc52-8a49-4243-9724-1724706e2d6f 
035 |a (urnnbn)urn:nbn:sk:snk:ar-a05het 
035 |a (sysno)vtls000784968 
040 |a SNKBUCL  |b slo  |c SNKBUCL  |e AACR2 
041 0 |a slo 
044 |a xo  |c SK 
080 |a 338.27:519.2  |2 1997 
080 |a 519.2  |2 1997 
100 1 |a Sudzina, František,  |d 1977-  |4 aut  |9 22428 
245 1 0 |a Analýza obalu údajov  |c František Sudzina 
300 |b Grafy, tab. 
504 |a Res. angl. 
504 |a Bibliogr. odkazy 
650 0 7 |a ekonomika  |x prognózovanie  |x analýza DEA  |2 snkbucl  |9 1420858 
650 0 7 |a analýza obalu dát  |2 snkbucl  |9 74154 
655 7 |a články z novín a časopisov  |2 snkbucl  |9 267496 
773 0 |t Ekonomický časopis  |g Roč. 49, č. 5 (2001), s. 970-984  |x 0013-3035 
850 |a Slovenská národná knižnica 
852 |a Slovenská národná knižnica 
954 |a odborná, vedecká literatúra pôvodná (slovenská)  |2 lita 
958 |a article27 
958 |a NB 
958 |a OND 
958 |a EUIPO 
992 |a RBX 
999 |c 2874634  |d 2876564